00513nam a22001817a 450000500170000000800410001702000180005804000210007604100080009708200170010510000260012224500660014825000120021426000340022630000100026065000350027070000260030520240829063419.0240829b |||||||| |||| 00| 0 eng d a9788119679805 aIN-DiNCcIN-DiNC dasm a320.512bGOH aGohain, Nabineauthor aDhrupadi rajnaitik darshan/cby Nabin Gohain and Pankaj Borah a1st ed. aJorhat:bBidya bhawan,c2024. a336p. aClassical political philosophy aBorah, Pankajeauthor